Southeast U.S. States with a Map - Statistics

General Stats
  • This quiz has been taken 135 times
  • The average score is 8 of 9
Answers on the Map
Answers color-coded by a green-red scale on the quiz's map according to % correct below.
 
Answer Stats
State % Correct
Florida
95%
Alabama
86%
Georgia
86%
Mississippi
86%
North Carolina
86%
South Carolina
86%
Tennessee
86%
Louisiana
84%
Arkansas
80%
No matching quizzes found
Score Distribution
Percent of People with Each Score
Percentile by Number Answered
Your Score History
You have not taken this quiz